000
00339nam a2200145Ia 4500
005
20250316171624.0
008
240331s9999 xx 000 0 und d
082
_b
JAH
_a
894
100
_a
Jahan,F
245
0
_a
Oru kadal neerootri
260
_a
Chennai
_b
Panikkudam Pathippagam
_c
2007
300
_a
64 p .,
650
_a
Poems
942
_c
L
999
_c
4664
_d
4664